Jogadores Aleatórios da Premier League por Imagem - Statistics

Estatísticas Gerais
  • Esse quiz foi jogado 836 vezes
    179 desde o último reset
  • A pontuação média é 9 de 12
Estatísticas das Respostas
Imagem Resposta % Correto
Alejandro Garnacho
100%
Alisson
100%
Antony
100%
Casemiro
100%
David De Gea
100%
Ederson
100%
Erling Haaland
100%
Fred
100%
Gabriel Jesus
100%
Harry Maguire
100%
Heung-Min Son
100%
Julián Álvarez
100%
Kai Havertz
100%
Lucas Paquetá
100%
Martin Ødegaard
100%
Mason Mount
100%
Mohamed Salah
100%
Raheem Sterling
100%
Raphaël Varane
100%
Riyad Mahrez
100%
Roberto Firmino
100%
Rodri
100%
João Félix
95%
Jordan Pickford
95%
Ruben Dias
94%
Jack Grealish
93%
Phil Foden
93%
Bruno Fernandes
92%
Bukayo Saka
92%
Christian Eriksen
92%
Kevin De Bruyne
92%
Kyle Walker
92%
Declan Rice
90%
Jadon Sancho
90%
Joelinton
90%
Marc Cucurella
90%
Bernardo Silva
88%
Bruno Guimarães
88%
Christian Pulisic
88%
Gabriel Martinelli
88%
Richarlison
88%
Gabriel Magalhães
87%
John Stones
86%
Rúben Neves
86%
Virgil Van Dijk
86%
Alexander Isak
85%
Enzo Fernández
85%
Kieran Trippier
85%
Marcus Rashford
85%
Scott McTominay
85%
Darwin Núñez
83%
Jorginho
83%
Reece James
83%
Trent Alexander-Arnold
83%
Diogo Jota
81%
Andrew Robertson
80%
Aymeric Laporte
80%
Fabinho
79%
Mateo Kovacic
79%
Moisés Caicedo
79%
Cody Gakpo
78%
Manuel Akanji
78%
Nathan Aké
78%
Granit Xhaka
75%
Harry Kane
75%
James Milner
75%
Pedro Porro
75%
Ilkay Gündogan
73%
Cole Palmer
72%
Luis Díaz
71%
Matheus Nunes
70%
Alexis Mac Allister
69%
Mykhaylo Mudryk
69%
Nick Pope
69%
Anthony Gordon
67%
Diogo Dalot
67%
Fabian Schär
67%
Leandro Trossard
67%
Luke Shaw
67%
William Saliba
67%
Lisandro Martínez
63%
Cristian Romero
62%
Ibrahima Konaté
60%
Aaron Ramsdale
58%
Ben White
58%
Joao Palhinha
58%
Kelvin Phillips
58%
Oleksandr Zinchenko
58%
Wesley Fofana
56%
Aaron Wan-Bissaka
50%
Fábio Vieira
50%
Jarrod Bowen
50%
Kaoru Mitoma
50%
Miguel Almirón
50%
Dejan Kulusevski
47%
Victor Lindelöf
47%
Konstantinos Tsimikas
46%
Thomas Partey
46%
Rodrigo Bentancur
44%
Allan Saint-Maximin
43%
Eddie Nketiah
42%
Ivan Toney
42%
Callum Wilson
38%
Sven Botman
38%
Harvey Elliott
36%
Tyrell Malacia
33%
Wout Weghorst
31%
Ollie Watkins
29%
Kieran Tierney
27%
Tomas Soucek
27%
Joe Willock
25%
Pierre-Emile Höjbjerg
25%
Emile Smith Rowe
20%
Marc Guéhi
14%
Benoît Badiashile
13%
Matt Targett
13%
Amadou Onana
9%
Rob Holding
0%
Nenhum quiz correspondente encontrado
Distribuição das Pontuações
Porcentagem de Pessoas com Cada Pontuação
Percentil de Números Respondidos
Sua Pontuação Histórica
Você não jogou esse quiz desde o último reset